Quizzes
Events
Quiz Creation
Community
Videos
Private Events
Remove Ads
Sign In
Join for FREE
Feedback
Dark Mode
Quiz Categories
Sports
Geography
Music
Movies
Television
Just For Fun
Miscellaneous
History
Literature
Language
Science
Gaming
Entertainment
Religion
Holiday
For Kids
Quiz Lab
Recent
Popular Today
Quiz Kudos Today
Editor Picks
Curator Picks
Quizzes by...
Day
Popularity
Type
Ratings
Length
Year
Community
Subscriptions
Recent Discussions
Orange Saloon
Badges
Playlists
Quests
Create
Leaderboards
Showdown
Live 5
Trivia Bingo
Activity
Puzzle Library
Sporcle Events
Private Events
Virtual Trivia
Globe League
Become a Host
Pub Owners
SporcleCon
Opinionation
Our Games
Videos
Blog
Mobile Apps
Partnerships
Remove Ads and Go Orange
Feedback
Miscellaneous
Crossword
General Knowledge
Baby Names
Logo
Food
Cars
Numbers
Grab Bag
University
College
Popular
Company
Slogans
Restaurants
Justice
Letter
Miscellaneous
Crossword
General Knowledge
Baby Names
Logo
Food
Cars
Numbers
Grab Bag
University
College
Popular
Company
Slogans
Restaurants
Justice
Letter
Random Quiz
Search Sporcle
×
Quiz Lab
Quiz Lab
Miscellaneous
Baby Names
Type in answers that appear in a list
Type in answers that appear in a list
Classic
Best Score? Go Orange.
Top 300 girls names of 1999 Stats
Can you name the Top 300 girls names of 1999?
By
HedleyAndPotter
20m
300 Questions
536 Plays
536 Plays
536 Plays
Comments
Comments
Give Quiz Kudos
Give Quiz Kudos
-
- Ratings
hide this ad
More Info
Replay
Link that replays current quiz
Next Quiz
Link to next quiz in quiz playlist
You Got
0%
They Got
Avg Score
58%
Avg Friend Score
Upgrade to see
Score Distribution
Jump to the score distribution portion of the page
Score
0/300
Timer
20:00
0
Plays Today
% Correct
Emily
91.6%
Emma
90.1%
Anna
89.9%
Jessica
89.4%
Elizabeth
89.4%
Jennifer
89.2%
Mary
88.1%
Maria
87.1%
Samantha
86.4%
Sarah
86.4%
Lauren
86.4%
Sara
86.2%
Ashley
85.8%
Olivia
85.8%
Laura
85.6%
Hannah
85.4%
Rachel
85.3%
Amanda
85.3%
Julia
84.9%
Katherine
84.9%
Catherine
84.9%
Amy
84.9%
Christina
84.7%
Alexa
84.7%
Isabel
84.5%
Grace
84.3%
Victoria
84%
Isabella
84%
Hanna
83.8%
Melissa
82.8%
Katie
82.8%
Kate
82.6%
Rebecca
82.5%
Alexis
82.1%
Alexandra
82.1%
Madison
81.7%
Julie
81.7%
Allison
81.3%
Chloe
81.3%
Angel
81.2%
Michelle
81%
Danielle
80.8%
Nicole
80.4%
Stephanie
80%
Christine
79.3%
Lily
78.7%
Brianna
78.4%
Natalie
78.4%
Caroline
78.4%
Alyssa
78%
Kayla
77.8%
Abigail
77.8%
Kelly
77.6%
Heather
77.4%
Megan
77.2%
Angela
76.9%
Rose
76.9%
Lisa
76.9%
Kimberly
76.5%
Vanessa
76.5%
Jenna
76.5%
Zoe
76.5%
Ava
76.5%
Amber
76.3%
Alicia
76.3%
Brittany
76.1%
Isabelle
75.9%
Diana
75.7%
Andrea
75.4%
Anne
74.8%
Erin
74.4%
Amelia
74.4%
Margaret
74.1%
Erica
74.1%
Courtney
73.7%
Faith
73.7%
Leah
73.7%
Mia
73.7%
Hailey
73.5%
Kristin
73.5%
Evelyn
73.3%
Sophia
73.1%
Morgan
72.9%
Gabrielle
72.8%
Melanie
72.8%
Hope
72.8%
Alison
72.6%
Lillian
72%
Taylor
71.8%
Angelina
71.6%
Audrey
70.9%
Holly
70.9%
Jasmine
70.5%
Jordan
70.5%
Alexandria
70.3%
Claire
70.3%
Molly
70.3%
Bethany
70.1%
Sophie
70.1%
Gabriella
70%
% Correct
Brooke
69.6%
Madeline
69.6%
Karen
69.2%
Jasmin
69.2%
Monica
68.7%
Lindsay
68.5%
Lindsay
68.5%
Veronica
68.1%
Haley
67.9%
Caitlin
67.7%
Kristen
67.7%
Patricia
67.5%
Kaylee
67%
Kylie
67%
Shannon
67%
Valerie
67%
Chelsea
66.8%
Tiffany
66.6%
Destiny
66.2%
Kaitlyn
66.2%
Briana
65.9%
Caitlyn
65.5%
Kathryn
65.3%
Aubrey
65.3%
Jade
65.1%
Crystal
65.1%
Kathleen
64.9%
Carly
64.6%
Marissa
64.4%
Mackenzie
64.2%
Cassandra
64.2%
Ariana
64%
Angelica
63.8%
Jamie
63.6%
Kristina
63.6%
Meghan
63.4%
Riley
63.4%
Savannah
63.2%
Kelsey
62.9%
Arianna
62.5%
Carolyn
62.1%
Maya
61.8%
Daisy
61.6%
Abby
61.6%
Kara
61.6%
Autumn
61.4%
Brooklyn
61.4%
Jacqueline
61%
Miranda
61%
Britney
61%
Dana
61%
Paige
60.8%
Nina
60.8%
Ruby
60.8%
Brittney
60.6%
Savanna
60.6%
Bailey
60.4%
Erika
60.4%
Ana
60.4%
Avery
60.4%
Katelyn
60.3%
Leslie
60.3%
Joanna
60.3%
Kaitlin
59.9%
Natalia
59.7%
Lydia
59.3%
Tara
58.4%
Daniela
58.2%
Sandra
58%
April
57.8%
Cynthia
57.6%
Natasha
57.1%
Summer
56.9%
Jillian
56.9%
Adriana
56.7%
Mckenzie
56.7%
Naomi
56.5%
Nancy
56.5%
Maggie
56.2%
Adrianna
55.6%
Whitney
55.6%
Makayla
55.4%
Mariah
55.4%
Jada
55.4%
Jocelyn
55.4%
Sofia
55.2%
Rachael
55.2%
Sierra
55%
Kendra
55%
Sydney
54.9%
Casey
54.7%
Julianna
54.5%
Ariel
54.3%
Vivian
54.3%
Hayley
54.1%
Michaela
53.9%
Brenda
53.5%
Breanna
53.4%
Madelyn
52.8%
Mikayla
52.6%
% Correct
Gabriela
52.1%
Elise
51.7%
Alexia
51.5%
Shelby
50.7%
Cassidy
50.6%
Sabrina
50%
Juliana
50%
Sadie
49.6%
Bridget
49.1%
Kendall
48.7%
Kirsten
48.5%
Cindy
48.3%
Alana
48.3%
Katrina
47.2%
Jordyn
46.5%
Ashlyn
45.9%
Peyton
45.9%
Kyla
45.5%
Rebekah
45.3%
Camille
45.3%
Kennedy
45.1%
Elena
45.1%
Krystal
45.1%
Valeria
45%
Payton
44%
Bianca
43.8%
Trinity
42.7%
Meagan
42.7%
Tessa
42%
Aaliyah
42%
Mallory
41.6%
Serena
41%
Cheyenne
40.9%
Desiree
40.9%
Cameron
40.9%
Claudia
40.9%
Carolina
40.7%
Mya
40.3%
Callie
40.3%
Selena
40.1%
Gianna
39.7%
Carmen
39.7%
Jazmin
39.6%
Skylar
38.8%
Kylee
38.4%
Jazmine
38.4%
Allyson
38.2%
Deanna
38.1%
Alissa
37.9%
Marisa
37.7%
Makenzie
36.8%
Priscilla
36.6%
Meredith
36.6%
Monique
36.6%
Dakota
36.4%
Mckenna
36.2%
Kira
35.8%
Skyler
35.6%
Karla
34.3%
Dominique
33%
Cecilia
33%
Tabitha
33%
Kyra
32.5%
Tori
31.9%
Ciara
31.5%
Kiara
31.3%
Alejandra
29.9%
Genesis
29.7%
Karina
29.1%
Madeleine
29.1%
Raven
27.4%
Giselle
27.1%
Katelynn
25.7%
Sidney
25.7%
Celeste
25.7%
Delaney
25.4%
Makenna
25.2%
Camryn
24.6%
Tatiana
24.6%
Asia
24.3%
Kiana
23.3%
Brenna
22.8%
Diamond
22.2%
Kassandra
21.6%
Cierra
20.7%
Shayla
20.3%
Yesenia
19.2%
Logan
18.8%
Mercedes
18.5%
Kailey
17.7%
Alondra
17%
Esmeralda
16%
Alexus
15.5%
Guadalupe
15.3%
Lauryn
15.1%
Shania
8.8%
Paola
7.8%
Deja
7.8%
Katlyn
5.2%
Tatyana
2.1%
Quiz Playlist
Details
Report
Send in Message
Add To Playlist
More Info:
This is my first quiz! hope you like it!
Classic:
Type in answers that appear in a list
Quiz Source
Last Updated: Feb 16, 2017
Quiz Scoreboard
CHALLENGE
Sign Up to Join the Scoreboard
Show All
Scores
Hide
Comments
May contain spoilers
Recently Published
Popular People in 1961
by mucciniale
History
6m
1-10 Letter E Words III
by El_Dandy
Language
2m
One Thing in Common: World Cities II
by knightlancer
Geography
7m
More to Explore
Quiz From the Vault
Featured Blog Post
Where Did the Easter Bunny Come From?
hide this ad
You Might Also Like...
Tags
Baby Names Quiz
Popular Quiz
1999
300
girl
Today's Top Quizzes in Miscellaneous
Browse Miscellaneous
hide this ad
Today's Top Quizzes in Baby Names
Browse Baby Names
Top Contributed Quizzes in Miscellaneous
1
The JOE quick-fire general knowledge quiz: Day 173
2
The JOE quick-fire general knowledge quiz: Day 172
3
Sunday Crossword: Famous Bodies of Water
4
sort kpop groups by number of members
5
Named After an Animal - Odd One Out!
6
One Thing in Common: United Kingdom II
7
Lays Potato Chip Flavour Contest Finalists
8
The JOE quick-fire general knowledge quiz: Day 171
9
The JOE quick-fire quiz: Day 170
10
Parts Of A Small Engine
Explore More
Trending Topics
Anime
Disney
Marvel
Kpop
Harry Potter
NBA
Crossword
WWE
The Office
Puzzle
Song
NFL
Country
Pokémon
Soccer
hide this ad
More By:
HedleyAndPotter
Quiz
Plays
Rating
Category
Featured
Created
Top 300 girls names of 1999
536
4.00
Miscellaneous
Oct 21, 2012
FRIENDS trivia
186
2.50
Television
Oct 23, 2012
Go to Creator's Profile
Score Distribution
Quiz Creator Spotlight
HedleyAndPotter
Follow
Send a Message
Quizzes Created
-
Created Quiz Play Count
-
More By This Creator
Popular Quizzes Today
1
Find the US States - No Outlines Minefield
2
The Countries of the World
3
Popular People in 1961
4
Find the Countries of Europe - No Outlines Minefield
5
1-10 Letter E Words III
6
Find the US States
7
One Thing in Common: World Cities II
8
US States
More Miscellaneous Quizzes
Potato or Battle?
Published
Trending Quizzes
Country Music Stars Doing Things
Get the Picture: Carrie or Dolly
1-10 Letter F Words
1-10 Letter G Words
Risky Map Clicking: Next State Alphabetically
Recently Updated
Leaping Animals
pecheneg
Reality TV Shows (A-Z)
bhenderson79
Rickey Henderson's Hall of Fame Teammates
pecheneg
Champions League XIs: Arsenal
pecheneg
Quick Pick: Celebrities in WWE's Hall of Fame
aduchscher
A-Z Keypad Blitz II
pecheneg
Multiple Oscar Actors
pecheneg
Mystery Phrase Blitz: Oscar 'Best Actors'
pecheneg
F. Scott Fitzgerald Novels
LTH
Pick 3 Villains
ddd62291
Trending Topics
Harry Potter
Disney
Anime
NBA
Kpop
Marvel
Crossword
Pokémon
WWE
Song
NFL
The Office
Country
Soccer
Puzzle
Your Account Isn't Verified!
In order to create a playlist on Sporcle, you need to verify the email address you used during registration. Go to your
Sporcle Settings
to finish the process.
Report this User
Report this user for behavior that violates our
Community Guidelines
.
Details:
Send Report
Go to the Sporcle.com Mobile Site →
Comments